000 01343nam a2200277Ia 4500
999 _c54194
_d54194
001 21250
003 GE_BSU
005 20211018160258.0
008 181216s2011||||ge |||||||||||||| ||geo||
020 _a9789941430138
040 _cGE_BSU
041 _ageo
080 _a821.111-22 შ-83
100 _aშოუ, ბერნარდ
_912678
245 _aპიგმალიონი ; წმიდა იოანა :
_bპიესები /
_cბერნარდ შოუ ; ინგლ.თარგმნეს : მოსე ქარჩავამ, იაკობ ტრიპოლსკიმ და გიორგი ჯაბაშვილმა ; წინათქმა თამარ კიკნაველიძემ.
264 _aთბილისი ;
_bინტელექტი,
_c2011.
300 _a285 გვ. ;
_c17 სმ.
541 _h8ლ.60თ.
653 _aპიგმალიონი
653 _aწმიდა იოანა
653 _aპიესები
700 _aქარჩავა, მოსე
_eმთარგმნელი
_912679
700 _aტრიპოლსკი, იაკობ
_eმთარგმნელი
_912680
700 _aჯაბაშვილი, გიორგი
_eმთარგმნელი
_912681
942 _cBK
_2udc